| 000 | 00351nam a2200133Ia 4500 | ||
|---|---|---|---|
| 008 | 210210b1981 xxu||||| |||| 00| 0 eng d | ||
| 082 | _a001.64 BARI | ||
| 100 | _aBARTEE (Thomas). | ||
| 245 | _aIntroduction to Computer Science. | ||
| 260 |
_aAuckland _bMcGraw-Hill book Co., _c1981 |
||
| 300 | _axi,404 | ||
| 690 | _aComputer Science | ||
| 906 | _a044814 | ||
| 999 |
_c94246 _d94246 |
||